| 000 | 00765nam a22002292 4500 | ||
|---|---|---|---|
| 001 | 13139 | ||
| 003 | BD-RjUL | ||
| 005 | 20211208235419.0 | ||
| 008 | 140130s1965 enk 001 0 eng d | ||
| 035 |
_a(BD-RjUL)13190 _aOCLC ocm29647611 from D970818M |
||
| 040 |
_aGZM _cGZM _dUKM _dEQO _dBD-RjUL _beng |
||
| 041 | _aeng | ||
| 082 | 0 | 4 |
_a621.9 _218 _bDUM 1965 |
| 100 | 1 |
_aDurney, William Cowburn. _940936 |
|
| 245 | 1 | 0 |
_aMachine shop practice : _ba textbook for Ministry of Labour trainees, apprentices and technical students / _cby W. C. Durney. |
| 250 | _a4th ed. | ||
| 260 |
_aLondon : _bSir I. Pitman & Sons, Ltd., _c1965. |
||
| 300 |
_aviii, 225 p. : _bill. ; _c22 cm. |
||
| 504 | _aIncludes index. | ||
| 650 | 0 |
_aMachine-shop practice. _940930 |
|
| 942 |
_2ddc _cBK |
||
| 999 |
_c13139 _d13139 |
||